| 000 | 01346cam a22002413a 4500 | ||
|---|---|---|---|
| 001 | 8162 | ||
| 003 | PGUSA | ||
| 005 | 20140828083153.0 | ||
| 008 | 050501s2005||||xxu|||||s|||||000 | eng d | ||
| 040 |
_aPGUSA _beng |
||
| 042 | _adc | ||
| 050 | 4 | _aND | |
| 100 | 1 |
_aMoore, George, _d1852-1933 |
|
| 245 | 1 | 0 |
_aModern Painting _h[electronic resource] / _cGeorge Moore |
| 260 |
_bProject Gutenberg, _c2005 |
||
| 505 | 0 | _aWhistler -- Chavannes, Millet, and Manet -- The failure of the nineteenth century -- Artistic education in France and England -- Ingres and Corot -- Monet, Sisley, Pissaro, and the decadence -- Our academicians -- The organisation of art -- Art and science -- Royalty in art -- Art patrons -- Picture dealers -- Mr. Burne-Jones and the Academy -- The alderman in art -- Religiosity in art -- The camera in art -- The new English art club -- A great artist [Charles Keene] -- Nationality in art -- Sex in art -- Mr. Steer's exhibition -- Claude Monet -- Notes: Mr. Mark Fisher. A portrait by Mr. Sargent. An orchid by Mr. James. The Whistler album. Ingres -- Some Japanese prints -- The new art criticism -- Long ago in Italy. | |
| 506 | _aPublic domain in the USA. | ||
| 516 | _aElectronic text | ||
| 653 | _aPainting | ||
| 830 | 0 |
_aProject Gutenberg _v8162 |
|
| 856 | 4 | 0 | _uhttp://www.gutenberg.org/ebooks/8162 |
| 942 | _cEB | ||
| 999 |
_c237462 _d237462 |
||